LEADER 01441nam a2200337 i 4500 001 000000363157 003 CaOOAMICUS 005 20250613141223.0 008 250613s2024 it u000 u ita u 020 $a978-88-301-0473-0 040 $aSeMil$bita 041 $aita$alat 100 1 $aLucretius Carus, Titus,$d.$0(OLS)http://semarc/name/3185 240 10$aDe rerum natura.$0(OLS)http://semarc/title/26714 245 13$aLa natura delle cose /$cTito Lucrezio Caro ; a cura di Martino Menghi. 264 1$aFirenze ; Milano :$bGiunti : Bompiani,$c2024. 300 $aXLI, 558 p. ;$c22 cm 490 1 $aBompiani Il pensiero occidentale 504 $aBibliografia, p. [545]-550 546 $aTesto latino a fronte 650 4$aLucrezio Caro, Tito . De rerum natura.$0(OLS)http://semarc/subject/57851 700 1 $aMenghi, Martino,$d<1950- >.$0(OLS)http://semarc/name/122196 830 0$aBompiani Il pensiero occidentale.$0(OLS)http://semarc/title/10111 850 $aSeMil 852 $aSeMil$W1$xVenegono$y1$m2OA VI 408$j258503$B254025$CSeMilBibl$Z2$F254025 $81 900 0 $aLucrezio. 996 $6020$a978-88-301-0473-0$9(OLS)http://semarc/number/303357 996 $6245$aLa natura delle cose$9(OLS)http://semarc/title/125965 996 $6264$aFirenze ; Milano :$bGiunti : Bompiani$9(OLS)http://semarc/publisher/58236 LEADER 01804nam a2200325 i 4500 001 000000259128 003 CaOOAMICUS 005 20260320105612.0 008 180704s2018 gw u000 u ger u 013 $a238036 020 $a978-3-525-55265-0 040 $aSeMil$bita 100 1 $aWitte, Markus,$d<1964- >.$0(OLS)http://semarc/name/6175 245 10$aHiobs viele Gesichter :$bStudien zur Komposition, Tradition und frühen Rezeption des Hiobbuches /$cMarkus Witte. 260 $aGöttingen :$bVandenhoeck & Ruprecht,$c2018. 300 $a235 p. ;$c24 cm. 490 0 $aForschungen zur Religion und Literatur des Alten und Neuen Testaments ;$v267 500 $aLiteraturverzeichnis, p. 191-216. 650 4$aBibbia. Antico Testamento. Giobbe - Commentari, studi, critica, interpretazioni.$0(OLS)http://semarc/subject/182 650 4$aBibbia. Antico Testamento. Giobbe - Analisi narrativa e linguistica.$0(OLS)http://semarc/subject/35379 650 4$aBibbia. Antico Testamento. Giobbe - Interpretazione ebraica.$0(OLS)http://semarc/subject/47228 650 4$aBibbia - AT - Traduzioni aramaiche - Targum di Giobbe.$0(OLS)http://semarc/subject/58435 830 0$aForschungen zur Religion und Literatur des Alten und Neuen Testaments ;$v267.$0(OLS)http://semarc/title/298 850 $aSeMil 852 $aSeMil$W1$xVenegono$y1$m2XA S 267$j253658$B209473$CSeMilBibl$Z2$F223132 $81 961 $aSottoscrizione: Vandenhoeck & Ruprecht 996 $6020$a978-3-525-55265-0$9(OLS)http://semarc/number/284731 996 $6245$aHiobs viele Gesichter :$bStudien zur Komposition, Tradition und frühen Rezeption des Hiobbuches$9(OLS)http://semarc/title/413955 996 $6260$aGöttingen :$bVandenhoeck & Ruprecht$9(OLS)http://semarc/publisher/29697